00968 a2200193 4500003000500000005001700005022001500022040000900037082001400046100002800060245013600088300002700224505018500251651004500436942001200481999001900493952013900512952012300651Nust20221221074133.0 a0671791540 cNust a158.1,ROB aRobbins, Anthony.97704 aAwaken the giant within :bhow to take immediate control of your mental, emotional, physical & financial destiny /cAnthony Robbins a538 p.b ill. ; 22 cm. aPart.1 Unleash your power (Page-170, Part.2 Taking control the master system (Page-321), Part.3 The seven days to shape your life (Page-435), Part.4 A lesson in destiny (Page-483). aSuccess --Psychological aspects.9105425 2ddccBK c217059d217059 00102ddc4070aMCSbMCScGENd2016-12-12l11o158.1,ROBpMCS37321r2025-05-21s2025-05-21w2016-12-12yBKzAlmirah No.46, Shelf No.5 00102ddc4070aMCSbMCScGENd2016-12-12o158.1,ROBpMCS37364r2016-12-08w2016-12-12yBKzAlmirah No.73, Shelf No.1